Statistiche per Finale Mondiali Germania 2006

Clicka qui per fare il quiz!

Statistiche generali

  • Questo quiz è stato fatto 551 volte
  • Il punteggio medio è 19 su 28

Statistiche sulle risposte

Italia% Corretto
1Buffon
100%
7Del Piero
95%
10Totti
95%
21Pirlo
94%
10Zidane
94%
5Cannavaro
93%
23Materazzi
93%
3Grosso
92%
9Toni
88%
8Gattuso
86%
19Zambrotta
84%
4De Rossi
83%
20Trezeguet
80%
16Camoranesi
75%
16Barthez
66%
12Henry
66%
20Perrotta
63%
15Iaquinta
59%
22Ribery
53%
15Thuram
49%
19Sagnol
44%
4Vieira
41%
6Makelele
36%
3Abidal
34%
7Malouda
34%
11Wiltord
33%
5Gallas
22%
18Diarra
16%

Distribuzione punteggi

Percentile per numero di risposta

Percentuale di utenti per punteggio

I tuoi punteggi nel tempo

Non hai fatto questo quiz